000 00737nac a22002291u 4500
010 _a76050037
020 _a087909480X
082 0 0 _a620.112
_bP7711
090 _c1641
_d1641
100 _aPollack, Herman W.
245 1 0 _aMaterials science and metallurgy /
_cHerman W. Pollack.
250 _a2d ed.
260 _aReston, Va. :
_bReston Pub. Co.,
_cc1977.
300 _axvii, 456 p. :
_bill. ;
_c24 cm.
500 _aIncludes index.
500 _aDonations
500 _aDonations - Dr. Mostafa Gouda
650 0 _aMaterials.
650 0 _aMetals.
942 _cBB
_k620.112P7711
999 _c1641
_d1641